000 00434nam a2200181Ia 4500
001 10643
005 20260306161847.0
008 260306t1973||||xx |||||||||||||| ||spa||
041 _aESP
082 _a946.01
_bC12
100 _aCabo, Ángel
_eAUT
245 0 _aCondicionamientos geográficos edad antigua
260 _c1973
300 _a450 páginas :
_c20 cm.
650 _aGEN
654 _aCHU
942 _cLIB
_dJUS
_fJUS
_2ddc
_n
999 _c10643
_d10643